00819 2200253 4500001002100000005001700021008004100038035002500079040001200104082001100116084001900127090001900146245015500165260002800320300003700348500004900385650004900434700001000483700001000493700001900503700001600522700001500538850001200553INLIS00000000000180220150209104447.0  a0010-021500000000086 aYOPDYOG a915.98 aNUS 915.98 Sis aNUS 915.98 Sis aSISI Berita : Tradisi unik khas Indonesia [rekaman video]c/ penanggung jawab Mahendra Wisnu ; editor, Syaefullah, Jefri, Indra ; produser Prita Laura aJakartabMetro TVc2013 aDVD : digital, stereo ; 4 3/4 in aProgram Metro TV ; tanggal tayang 27/08/2013 aIndonesia-Kehidupan sosial dan adat istiadat aIndra aJefri aMahendra Wisnu aPrita Laura aSyaefullah aYOPDYOG